000 00874nam a2200253 a 4500
001 000003363
003 DO-SdBNP
005 20250630100924.0
008 090708s2009 dr ac 001 0bspa d
020 _a9789945410457
040 _aDO-SdBNP
_bspa
_cBNPHU
049 _aBNPD
082 4 _a923.17293
_bT866i
_222
100 1 _aInfante, Fernando,
_d1935-
_910518
245 1 0 _aBiografía de Trujillo /
_cFernando Infante.
260 _aSanto Domingo :
_bLetra Gráfica,
_c2009.
300 _a199 p. :
_bil., retrs. ;
_c22 cm.
500 _aIncluye índice onomástico
504 _aIncluye referencias bibliográficas y notas al pie de las paginas
600 1 0 _aTrujillo Molina, Rafael Leónidas,
_d 1891-1961
_976764
651 1 0 _aRepública Dominicana
_xHistoria
_yEra de Trujillo, 1930-1961
_978796
910 _aValidado. Control de calidad BNPHU
942 _2ddc
_cLBS1
999 _c3193
_d3193